Los diarios de guerra de Charles A. Lindbergh / (Record no. 104458)
[ view plain ]
| 000 -LEADER | |
|---|---|
| campo de control de longitud fija | 01252cam a2200337Ii 4500 |
| 001 - NÚMERO DE CONTROL | |
| campo de control | 86624 |
| 005 - FECHA Y HORA DE LA ÚLTIMA TRANSACCIÓN | |
| campo de control | 20230411085611.0 |
| 008 - DATOS DE LONGITUD FIJA--INFORMACIÓN GENERAL | |
| campo de control de longitud fija | 790612s1972 sp ac i 001 0 spa d |
| 035 ## - NÚMERO DE CONTROL DEL SISTEMA | |
| Número de control de sistema | (OCoLC)ocm05059073 |
| 040 ## - FUENTE DE CATALOGACIÓN | |
| Centro catalogador/agencia de origen | PRW |
| Centro/agencia transcriptor | PRW |
| Centro/agencia modificador | OCL |
| -- | DIBAM |
| -- | OCLCG |
| 035 ## - NÚMERO DE CONTROL DEL SISTEMA | |
| Número de control de sistema | (OCoLC)5059073 |
| 041 1# - CÓDIGO DE IDIOMA | |
| Código de lengua del texto/banda sonora o título independiente | spa |
| Código de lengua original | eng |
| 082 00 - NÚMERO DE LA CLASIFICACIÓN DECIMAL DEWEY | |
| Número de clasificación | 629.13/0924 |
| 050 14 - SIGNATURA TOPOGRÁFICA DE LA BIBLIOTECA DEL CONGRESO | |
| Número de clasificación | TL 540 |
| Número de ítem | L742d 1972 |
| 049 ## - FONDOS LOCALES (OCLC) | |
| Biblioteca depositaria | GRAL |
| 100 1# - ENTRADA PRINCIPAL--NOMBRE DE PERSONA | |
| Nombre de persona | Lindbergh, Charles A. |
| Forma completa/desarrollada del nombre | (Charles Augustus), |
| Fechas asociadas al nombre | 1902-1974. |
| 245 14 - MENCIÓN DEL TÍTULO | |
| Título | Los diarios de guerra de Charles A. Lindbergh / |
| Mención de responsabilidad, etc. | versión española de Joaquín Bochaca |
| 260 ## - PUBLICACIÓN, DISTRIBUCIÓN, ETC. | |
| Lugar de publicación, distribución, etc. | Barcelona : |
| Nombre del editor, distribuidor, etc. | Ediciones Acervo, |
| Fecha de publicación, distribución, etc. | 1972 c1970 |
| 300 ## - DESCRIPCIÓN FÍSICA | |
| Extensión | 568 p. : |
| Otras características físicas | ill., ports. ; 24 cm. |
| 500 ## - NOTA GENERAL | |
| Nota general | Traducido del idioma original: The wartime journals of Charles A. Lindbergh. |
| 500 ## - NOTA GENERAL | |
| Nota general | Includes indexes |
| 505 0# - NOTA DE CONTENIDO CON FORMATO | |
| Nota de contenido con formato | La ante-guerra en Europa-- La ante-guerra en los Estados Unidos-- Los Estados Unidos en guerra-- La guerra en el Pacífico-- La post-guerra en Europa. |
| 600 10 - PUNTO DE ACCESO ADICIONAL DE MATERIA--NOMBRE DE PERSONA | |
| Nombre de persona | Lindbergh, Charles A. |
| Forma completa/desarrollada del nombre | (Charles Augustus), |
| Fechas asociadas al nombre | 1902-1974. |
| 650 #7 - PUNTO DE ACCESO ADICIONAL DE MATERIA--TÉRMINO DE MATERIA | |
| Término de materia o nombre geográfico como elemento de entrada | Guerra Mundial II, |
| Subdivisión cronológica | 1939-1945 |
| Subdivisión general | Relatos personales |
| 650 #4 - PUNTO DE ACCESO ADICIONAL DE MATERIA--TÉRMINO DE MATERIA | |
| Término de materia o nombre geográfico como elemento de entrada | CFB |
| 650 #4 - PUNTO DE ACCESO ADICIONAL DE MATERIA--TÉRMINO DE MATERIA | |
| Término de materia o nombre geográfico como elemento de entrada | Colección Font Bernard |
| 700 1# - ENTRADA AGREGADA--NOMBRE PERSONAL | |
| Nombre de persona | Bochaca Joaquín |
| 942 ## - ELEMENTOS DE ENTRADA SECUNDARIOS (KOHA) | |
| Fuente del sistema de clasificación o colocación | Clasificación de Library of Congress |
| Tipo de ítem Koha | |
| 994 ## - | |
| -- | C0 |
| -- | DRFGD |
| 946 ## - PROCESAMIENTO DE INFORMACIÓN LOCAL (OCLC) | |
| a | JP |
| Estatus retirado | Estado de pérdida | Fuente del sistema de clasificación o colocación | Estado de daño | No para préstamo | Colección | Biblioteca de origen | Biblioteca actual | Ubicación en estantería | Fecha de adquisición | Signatura topográfica completa | Código de barras | Visto por última vez | Copia número | Tipo de ítem Koha |
|---|---|---|---|---|---|---|---|---|---|---|---|---|---|---|
| Clasificación de Library of Congress | Colección de Tecnología | Biblioteca Juan Bosch | Biblioteca Juan Bosch | Humanidades (4to. Piso) | 11/04/2023 | TL 540 L742d 1972 | 00000075782 | 21/01/2019 | 1 |
